Estatísticas para De qual país esse jogo é?

Clique aqui para jogar o quiz

Estatísticas Gerais

  • Esse quiz foi jogado 69 vezes
  • A pontuação média é 9 de 14

Estatísticas das Respostas

JogoPaís% Correto
Pac-ManJapão
90%
Assasin's CreedCanadá
84%
FortniteEstados Unidos
81%
RaymanFrança
81%
TetrisRússia
76%
MinecraftSuécia
73%
Stardew ValleyReino Unido
68%
Fruit-NinjaAustrália
63%
PUBGCoréia do Sul
63%
PerguntadosArgentina
60%
Brawl StarsFinlândia
52%
Subway's SurfersDinamarca
50%
Cyberpunk 2077Polônia
44%
Free-FireSingapura
32%

Distribuição das Pontuações

Percentil de Números Respondidos

Porcentagem de Pessoas com Cada Pontuação

Sua Pontuação Histórica

Você não jogou esse quiz